| 000 | 00708nam a22002297a 4500 | ||
|---|---|---|---|
| 003 | UA-OsUOA | ||
| 001 | 27430 | ||
| 007 | ta | ||
| 008 | 20040625b un ||||| |||| 00| 0 ukr d | ||
| 090 |
_a7.03 _bП15 |
||
| 942 | _cBK | ||
| 040 |
_aUA-OsUOA _brus _cUA-OsUOA _dUA-OsUOA |
||
| 245 |
_aПамятники культуры. Новые открытия _bписьменность, искусство, археология _cред. И. Л. Андроников |
||
| 300 |
_a472 с. _bІлюстрації |
||
| 955 | _a1 | ||
| 041 | _arus | ||
| 080 | _a7.03 | ||
| 260 |
_aМ. _bНаука _c1977 |
||
| 044 | _aRU | ||
| 650 | 7 |
_a7.0 Загальні питання мистецтва _2UDC |
|
| 999 |
_c313775 _d313775 |
||